Ensayos biográficos y de crítica literaria sobre los principales publicistas, historiadores, poetas y literatos de la América Latina. Segunda serie
Wedi'i Gadw mewn:
| Prif Awdur: | |
|---|---|
| Fformat: | Llyfr |
| Iaith: | Sbaeneg |
| Cyhoeddwyd: |
París
Dramard-Baudry y Cía.
1868
|
| Rhifyn: | 1a. ed |
| Pynciau: | |
| Tagiau: |
Ychwanegu Tag
Dim Tagiau, Byddwch y cyntaf i dagio'r cofnod hwn!
|
MARC
| LEADER | 00000nam a2200000 a 4500 | ||
|---|---|---|---|
| 001 | UCJ5837 | ||
| 003 | CL-VaPUC | ||
| 005 | 20250103093126.0 | ||
| 008 | 070124e18680000FR |||||||||||||||||spa|d | ||
| 999 | |c 321945 |d 321943 | ||
| 040 | |c Pontificia Universidad Católica de Valparaíso | ||
| 082 | 0 | 4 | |a 928 |b TOR |2 21 |
| 100 | 0 | |a Torres Caicedo, J. M. |e author |9 511662 | |
| 245 | 1 | 0 | |a Ensayos biográficos y de crítica literaria sobre los principales publicistas, historiadores, poetas y literatos de la América Latina. Segunda serie |
| 250 | |a 1a. ed | ||
| 260 | |a París |b Dramard-Baudry y Cía. |c 1868 | ||
| 300 | |a 478 p | ||
| 500 | |a Advierte errata. Front., retrato del autor, grabado | ||
| 583 | |a last modification |c 20070124 00:00:00 |k Rodrigo Vera | ||
| 600 | 0 | 7 | |a GORRITI, MARIA MANUELA |2 CL-VaPUC |9 511663 |
| 600 | 0 | |a Alberdi, Juan Bautista, |d 1810-1884 |9 331707 | |
| 600 | 0 | 7 | |a Palma, Ricardo |d 1833-1919 |9 880094 |
| 650 | 7 | |a BIOGRAFIA |2 CL-VaPUC |9 504622 | |
| 650 | 0 | |a Iconografía |9 267998 | |
| 650 | 7 | |a BIBLIOGRAFIA |2 CL-VaPUC |9 256175 | |
| 650 | 0 | |a Crítica literaria |9 269189 | |
| 650 | 0 | |a Historiadores |9 314498 | |
| 650 | 0 | |a Poetas |9 357515 | |
| 650 | 0 | |a Escritores |9 313723 | |
| 650 | 0 | |a Democracia |9 255256 | |
| 650 | 0 | |a Libertad |9 255686 | |
| 942 | |c BK |2 ddc | ||
| 945 | |d 20070124 00:00:00 |a rinostro | ||
| 952 | |0 0 |1 0 |4 0 |6 928_000000000000000_TOR_1868 |7 0 |8 X |9 400836 |a FDOBUD |b FDOBUD |d 2019-11-22 |i 1040197 |o 928 TOR 1868 |p 1040197 |r 2019-11-22 |w 2019-11-22 |y BK_X |k BUD | ||